[Event "52nd World Juniors 2013"]
[Site "Kocaeli TUR"]
[Date "2013.09.26"]
[Round "13.49"]
[White "Pon, Matt"]
[Black "Du Plessis, Heinco"]
[Result "1/2-1/2"]
[WhiteTitle "FM"]
[WhiteElo "1919"]
[BlackElo "2050"]
[WhiteFideId "14301644"]
[BlackFideId "14306263"]
[EventDate "2013.09.13"]

1. d4 c6 2. e4 d5 3. Nd2 dxe4 4. Nxe4 Bf5 5. Ng3 Bg6 6. h4 h6 7. h5 Bh7 8. Nf3
e6 9. Bd3 Bxd3 10. Qxd3 Nd7 11. Bd2 Ngf6 12. Ne4 Nxe4 13. Qxe4 Nf6 14. Qe2 Qd5
15. c4 Qe4 16. Qxe4 Nxe4 17. Be3 c5 18. dxc5 Bxc5 19. Bxc5 Nxc5 20. Ke2 Ke7 21.
Rad1 Rhd8 22. Rxd8 Rxd8 23. Ne5 Rd4 24. Rh3 Re4+ 25. Re3 Rxe3+ 26. Kxe3 a5 27.
b3 b6 28. Nc6+ Kd6 29. Nd4 Nd7 30. f3 g5 31. g4 Ke5 32. Nc6+ Kd6 1/2-1/2

[Event "52nd World Juniors 2013"]
[Site "Kocaeli TUR"]
[Date "2013.09.26"]
[Round "13.50"]
[White "Zor, Alber Kadir"]
[Black "Cingoz, Ozan"]
[Result "1-0"]
[WhiteElo "1948"]
[BlackElo "1918"]
[WhiteFideId "6353169"]
[BlackFideId "6333397"]
[EventDate "2013.09.13"]

1. f4 g6 2. Nf3 Bg7 3. g3 Nf6 4. Bg2 O-O 5. O-O d6 6. d3 c5 7. c3 Nc6 8. h3 Bd7
9. e4 b5 10. Be3 a5 11. e5 Nd5 12. Bf2 Qc7 13. d4 e6 14. exd6 Qxd6 15. dxc5 Qc7
16. Nbd2 b4 17. c4 Nf6 18. Qe2 Rfd8 19. Rad1 Rac8 20. Rfe1 Bf8 21. Ng5 Nb8 22.
Nde4 Nxe4 23. Nxe4 Na6 24. Nf6+ Kh8 25. Nxd7 Rxd7 26. c6 Rxd1 27. Rxd1 Nb8 28.
Qd3 Nxc6 29. Qd7 Kg8 30. Qxc7 Rxc7 31. b3 Kg7 32. Bb6 Rb7 33. c5 1-0

[Event "52nd World Juniors 2013"]
[Site "Kocaeli TUR"]
[Date "2013.09.26"]
[Round "13.51"]
[White "Atay, Sergen"]
[Black "Kathmale, Sameer"]
[Result "1/2-1/2"]
[WhiteElo "1713"]
[BlackElo "2339"]
[WhiteFideId "6309143"]
[BlackFideId "5024498"]
[EventDate "2013.09.13"]

1. c4 e5 2. Nc3 f5 3. d3 Nf6 4. Nf3 Nc6 5. g3 Bb4 6. Bd2 Bxc3 7. Bxc3 d6 8. b4
O-O 9. Bg2 Kh8 10. b5 Ne7 11. Nd2 Qe8 12. a4 f4 13. a5 Ng4 14. h3 Nxf2 15. Kxf2
fxg3+ 16. Kg1 Nf5 17. Nf1 Qg6 18. Be1 Be6 19. e4 Nh4 20. Bxg3 Rxf1+ 21. Qxf1
Qxg3 22. Rd1 Kg8 23. Qf2 Qg5 24. Rf1 h5 25. Kh2 Ng6 26. Qg3 Qh6 27. Rhg1 Nf4 28.
Rf2 a6 29. Rb1 axb5 30. Rxb5 c6 31. Rxb7 Rxa5 32. Rfb2 Ra3 33. R7b3 Rxb3 34.
Rxb3 Nxg2 35. Qxg2 Qf4+ 36. Kh1 Qc1+ 37. Qg1 Qf4 38. Qg2 Qc1+ 39. Qg1 Qf4 40.
Qg2 Kh7 41. Rb7 Bf7 42. Rc7 c5 43. Rd7 Qf6 44. Kg1 Be8 45. Ra7 Qh6 46. Qf2 h4
47. Kh2 Bh5 48. Ra2 Qf4+ 49. Kg1 Qg3+ 1/2-1/2

[Event "52nd World Juniors 2013"]
[Site "Kocaeli TUR"]
[Date "2013.09.26"]
[Round "13.54"]
[White "Garcia Herrera, Enrique Ric"]
[Black "Mesic, Vehid"]
[Result "1/2-1/2"]
[WhiteTitle "CM"]
[WhiteElo "1653"]
[BlackElo "1576"]
[WhiteFideId "5115124"]
[BlackFideId "14404320"]
[EventDate "2013.09.13"]

1. Nf3 Nf6 2. c4 g6 3. g3 Bg7 4. Bg2 O-O 5. O-O d6 6. Nc3 e5 7. d3 Nbd7 8. Rb1
a5 9. a3 Nh5 10. b4 axb4 11. axb4 f5 12. Qc2 Rb8 13. Bb2 g5 14. b5 g4 15. Nd2 b6
16. Nd5 Bb7 17. Ra1 Nc5 18. Ra7 Rf7 19. Nb3 Kh8 20. Nxc5 bxc5 21. Rfa1 Bh6 22.
e3 Bg7 23. Rxb7 Rxb7 24. Nf4 Nxf4 25. Bxb7 Nh3+ 26. Kg2 Qf6 27. Ra8+ Rf8 28.
Rxf8+ Bxf8 29. f4 gxf3+ 30. Bxf3 Ng5 31. h4 Ne6 1/2-1/2

[Event "52nd World Juniors 2013"]
[Site "Kocaeli TUR"]
[Date "2013.09.26"]
[Round "13.55"]
[White "Baasansuren, Erdene"]
[Black "Uraz, Abdullah Kerim"]
[Result "1-0"]
[WhiteTitle "CM"]
[WhiteElo "1844"]
[BlackElo "1602"]
[WhiteFideId "4902084"]
[BlackFideId "2044846"]
[EventDate "2013.09.13"]

1. d4 Nf6 2. c4 e6 3. g3 d5 4. Nf3 g6 5. Bg2 Bg7 6. O-O O-O 7. Nc3 c6 8. Bf4 b6
9. Ne5 Nh5 10. Rc1 Nxf4 11. gxf4 Ba6 12. cxd5 cxd5 13. Re1 f6 14. Nf3 f5 15. Ne5
Bxe5 16. dxe5 Bb7 17. Nb5 Nc6 18. Nd6 Qc7 19. Nxb7 Qxb7 20. Bxd5 exd5 21. Qxd5+
Kh8 22. Qxc6 Qa6 23. Qd7 Rac8 24. e3 Rcd8 25. Qe6 Rde8 26. Qc4 Qb7 1-0

[Event "52nd World Juniors 2013"]
[Site "Kocaeli TUR"]
[Date "2013.09.26"]
[Round "13.56"]
[White "Abdrashev, Arlen"]
[Black "Heinechen, John"]
[Result "0-1"]
[WhiteElo "1745"]
[BlackElo "1901"]
[WhiteFideId "13710257"]
[BlackFideId "3700976"]
[EventDate "2013.09.13"]

1. e4 c5 2. Nf3 e6 3. d4 cxd4 4. Nxd4 a6 5. Nc3 Qc7 6. Bd3 Nc6 7. Nb3 Nf6 8. O-O
Be7 9. Be3 d6 10. f4 b6 11. Qf3 Bb7 12. Qg3 g6 13. f5 gxf5 14. exf5 Rg8 15. Qf4
e5 16. Qf2 Ng4 17. Qg3 Nf6 18. Qf2 Nd4 19. Nxd4 exd4 20. Bxd4 Qc6 0-1